Friends of God : (Record no. 8704)
[ view plain ]
| 000 -LEADER | |
|---|---|
| fixed length control field | 00553nam a22002057a 4500 |
| 003 - CONTROL NUMBER IDENTIFIER | |
| control field | OSt |
| 005 - DATE AND TIME OF LATEST TRANSACTION | |
| control field | 20140310182037.0 |
| 008 - FIXED-LENGTH DATA ELEMENTS--GENERAL INFORMATION | |
| fixed length control field | 130815t xxu||||| |||| 00| 0 eng d |
| 020 ## - INTERNATIONAL STANDARD BOOK NUMBER | |
| International Standard Book Number | 9711170043 |
| 050 ## - LIBRARY OF CONGRESS CALL NUMBER | |
| Classification number | BX 1756 |
| Item number | .Es74 1989 |
| 082 ## - DEWEY DECIMAL CLASSIFICATION NUMBER | |
| Classification number | HS 252 |
| Item number | Es1 1989 |
| 100 ## - MAIN ENTRY--PERSONAL NAME | |
| Personal name | Escriva, Josemaria |
| 9 (RLIN) | 10806 |
| 245 ## - TITLE STATEMENT | |
| Title | Friends of God : |
| Remainder of title | homilies / |
| Statement of responsibility, etc | Josemaria Escriva. |
| 260 ## - PUBLICATION, DISTRIBUTION, ETC. (IMPRINT) | |
| Place of publication, distribution, etc | Manila : |
| Name of publisher, distributor, etc | Sinagtala Publishers, Inc., |
| Date of publication, distribution, etc | 1989. |
| 300 ## - PHYSICAL DESCRIPTION | |
| Extent | 381 p. ; |
| Dimensions | 17 cm. |
| 650 ## - SUBJECT ADDED ENTRY--TOPICAL TERM | |
| Topical term or geographic name as entry element | Sermons |
| 9 (RLIN) | 7176 |
| 650 ## - SUBJECT ADDED ENTRY--TOPICAL TERM | |
| Topical term or geographic name as entry element | Preaching |
| 9 (RLIN) | 10386 |
| 942 ## - ADDED ENTRY ELEMENTS (KOHA) | |
| Source of classification or shelving scheme | Library of Congress Classification |
| Withdrawn status | Lost status | Source of classification or shelving scheme | Damaged status | Home library | Current library | Shelving location | Date acquired | Total Checkouts | Full call number | Barcode | Date last seen | Copy number | Price effective from | Koha item type |
|---|---|---|---|---|---|---|---|---|---|---|---|---|---|---|
| Library of Congress Classification | Luxembourg Library | Luxembourg Library | High School Section | 08/15/2013 | BX 1756 .Es74 1989 | 3262 | 05/27/2015 | 1 | 08/15/2013 | Books |